[Event "22nd ch-EUR Indiv 2022"]
[Site "Terme Catez SLO"]
[Date "2022.03.30"]
[Round "4.142"]
[White "Franc, Borna"]
[Black "Vidic, Teja"]
[Result "0-1"]
[BlackTitle "WIM"]
[WhiteElo "2013"]
[BlackElo "2191"]
[WhiteFideId "14555948"]
[BlackFideId "14605511"]
[EventDate "2022.03.27"]

1. e4 c6 2. d4 d5 3. exd5 cxd5 4. Nf3 Nc6 5. Bd3 Bg4 6. c3 Qc7 7. O-O e6 8. Re1
Bd6 9. h3 Bh5 10. b4 Nge7 11. Nbd2 Bg6 12. Nb3 O-O 13. Bxg6 Nxg6 14. Qd3 a5 15.
bxa5 Nxa5 16. Nxa5 Rxa5 17. h4 h6 18. h5 Ne7 19. g4 Bf4 20. Ne5 Bxc1 21. Rexc1
f6 22. Ng6 Nxg6 23. Qxg6 Ra6 24. Rc2 f5 25. gxf5 Rxf5 26. Qe8+ Rf8 27. Qg6 e5
28. Qg4 Rf4 29. Qe2 Re4 30. Qb5 Rg4+ 31. Kf1 Qf7 32. dxe5 Qf3 33. Qxb7 Qd3+ 34.
Re2 Qh3+ 0-1

[Event "22nd ch-EUR Indiv 2022"]
[Site "Terme Catez SLO"]
[Date "2022.03.30"]
[Round "4.143"]
[White "Wecker, Martin"]
[Black "Javornik, Nik"]
[Result "1/2-1/2"]
[WhiteElo "2180"]
[BlackElo "2002"]
[WhiteFideId "12931462"]
[BlackFideId "14636549"]
[EventDate "2022.03.27"]

1. Nf3 Nf6 2. g3 g6 3. b3 Bg7 4. Bb2 d6 5. d4 O-O 6. Bg2 Nfd7 7. O-O e5 8. dxe5
Nxe5 9. Nxe5 dxe5 10. c4 c6 11. Nc3 Bf5 12. Qxd8 Rxd8 13. Rad1 Na6 14. Rxd8+
Rxd8 15. Rd1 Rxd1+ 16. Nxd1 Bd7 17. Nc3 f5 18. e4 f4 19. f3 g5 20. Bf1 Kf7 21.
g4 Bf8 22. Na4 Kf6 23. a3 Bc5+ 24. Nxc5 Nxc5 25. b4 Nb3 26. c5 Be6 27. Kf2 Nd2
28. Bc3 Nb3 29. Bb2 b6 30. cxb6 axb6 31. Bd3 c5 32. Bb5 Nd4 33. Bxd4 exd4 34.
bxc5 bxc5 35. a4 Ke5 36. a5 Kd6 37. Ke2 c4 38. a6 Kc7 39. Kd2 Kb6 40. Kc2 c3 41.
Bd3 Bd7 42. Kb3 h6 43. e5 Be6+ 44. Kc2 Bd5 45. Be2 Kc5 46. Bd1 Kb6 47. Be2 Bc6
48. e6 Kc7 49. e7 Kd7 50. Bd1 Kxe7 51. Kd3 Bb5+ 1/2-1/2

[Event "22nd ch-EUR Indiv 2022"]
[Site "Terme Catez SLO"]
[Date "2022.03.30"]
[Round "4.144"]
[White "Pozun, Matej"]
[Black "Varney, Zoe"]
[Result "1-0"]
[BlackTitle "WCM"]
[WhiteElo "2168"]
[BlackElo "1998"]
[WhiteFideId "14618788"]
[BlackFideId "436135"]
[EventDate "2022.03.27"]

1. e4 e5 2. Nf3 Nc6 3. Bb5 a6 4. Ba4 Nf6 5. O-O Be7 6. d3 b5 7. Bb3 d6 8. a3 O-O
9. Nc3 Na5 10. Ba2 Be6 11. Bxe6 fxe6 12. b4 Nc6 13. Bd2 Qe8 14. Ne2 Nh5 15. c3
Qg6 16. Ng3 Nf4 17. d4 h5 18. d5 Nd8 19. h4 Qg4 20. a4 bxa4 21. Rxa4 c6 22. c4
exd5 23. cxd5 g5 24. Bxf4 gxf4 25. Nf5 Rxf5 26. exf5 e4 27. Nh2 Qxf5 28. Qb3
cxd5 29. Rd1 Rc8 30. Rxa6 Rc4 31. Ra5 e3 32. Raxd5 Qe4 33. R5d4 exf2+ 34. Kf1 1-0

[Event "22nd ch-EUR Indiv 2022"]
[Site "Terme Catez SLO"]
[Date "2022.03.30"]
[Round "4.145"]
[White "Lavrencic, Matic"]
[Black "Kodric, Gasper"]
[Result "1-0"]
[WhiteElo "2159"]
[BlackElo "1787"]
[WhiteFideId "14637847"]
[BlackFideId "14625814"]
[EventDate "2022.03.27"]

1. e4 c6 2. d4 d5 3. e5 c5 4. Nf3 cxd4 5. Nxd4 Nc6 6. Nxc6 bxc6 7. Bd3 e6 8. Nd2
Qb6 9. Qe2 a5 10. O-O Ba6 11. c4 Ne7 12. b3 g6 13. Nf3 Nf5 14. Bg5 Bg7 15. Rad1
h6 16. Bc1 O-O 17. Ba3 Rfe8 18. Qc2 Rad8 19. Bd6 c5 20. Bxf5 gxf5 21. Rfe1 d4
22. Qd2 Rxd6 23. exd6 Qxd6 24. Qxa5 Bb7 25. Qd2 e5 26. b4 cxb4 27. Nxd4 Qg6 28.
f3 Ra8 29. Nb5 Bxf3 30. Rc1 Bf6 31. Qf2 Bb7 32. Re2 Bg5 33. Rd1 e4 34. Rd6 Qh5
35. Nd4 f4 36. Nf5 e3 37. Qe1 Be4 38. Nd4 Bd3 39. Nf3 Be4 40. Qf1 Kh7 41. Rd4
Bb7 42. h4 Rh8 43. hxg5 hxg5 44. Nxg5+ Kg7 45. Nh3 f3 46. Rxe3 Qc5 47. Rg4+ Kf8
48. Qf2 Qh5 49. Rg5 Qh7 50. Rxf3 Bxf3 51. Qc5+ Ke8 52. Re5+ Kd8 53. Qe7+ Kc8 54.
Rc5+ Kb8 55. Qc7+ Ka8 56. Ra5# 1-0

[Event "22nd ch-EUR Indiv 2022"]
[Site "Terme Catez SLO"]
[Date "2022.03.30"]
[Round "4.147"]
[White "Franco, Alessandro P."]
[Black "Hommer, Jeremy"]
[Result "1/2-1/2"]
[WhiteElo "1848"]
[BlackElo "2221"]
[WhiteFideId "865923"]
[BlackFideId "12992577"]
[EventDate "2022.03.27"]

1. e4 e6 2. d4 d5 3. Nc3 Nf6 4. Bg5 dxe4 5. Nxe4 Be7 6. Bxf6 gxf6 7. Nf3 f5 8.
Ng3 Nd7 9. Bc4 c6 10. a4 Qc7 11. O-O h5 12. Re1 h4 13. Nxf5 exf5 14. Ng5 Nb6 15.
Nxf7 Rf8 16. Qh5 Nxc4 17. Nd6+ Kd8 18. Nxc4 Bf6 19. Ne5 Be6 20. Qh6 Qg7 21. Qxg7
Bxg7 22. Nxc6+ bxc6 23. Rxe6 Kd7 24. Rg6 Bf6 25. Rh6 Rf7 26. b4 Re8 27. Kf1 Re6
28. c3 Kd6 29. Rh5 Be7 30. Re1 Rxe1+ 31. Kxe1 Kd5 32. Kd2 Ke4 33. f3+ Kd5 34.
Kd3 Ke6 35. g3 Rg7 36. Rh6+ Bf6 37. gxh4 Rg2 38. Rh7 Be7 39. b5 cxb5 40. axb5
Rxh2 41. h5 Rf2 42. Ke3 Rc2 43. Kd3 Rf2 1/2-1/2

[Event "22nd ch-EUR Indiv 2022"]
[Site "Terme Catez SLO"]
[Date "2022.03.30"]
[Round "4.149"]
[White "Ruzic, Pia Marie"]
[Black "Linnemann, Caspar"]
[Result "1-0"]
[WhiteElo "2072"]
[BlackElo "1773"]
[WhiteFideId "14620057"]
[BlackFideId "16200284"]
[EventDate "2022.03.27"]

1. c4 c5 2. Nc3 Nc6 3. Nf3 g6 4. e3 Bg7 5. d4 cxd4 6. exd4 e6 7. d5 Ne5 8. Be2
a6 9. Ne4 Qc7 10. O-O Nxf3+ 11. Bxf3 Nf6 12. dxe6 dxe6 13. Nd6+ Ke7 14. Bf4 Qb6
15. c5 Qxc5 16. Rc1 Qb6 17. Nxb7 Bxb7 18. Rc7+ Ke8 19. Rxb7 Qd8 20. Bd6 Nd7 21.
Bc6 1-0

[Event "22nd ch-EUR Indiv 2022"]
[Site "Terme Catez SLO"]
[Date "2022.03.30"]
[Round "4.150"]
[White "Van Hoolandt, Patrick"]
[Black "Pasti, Zsombor"]
[Result "1-0"]
[WhiteTitle "FM"]
[WhiteElo "2065"]
[BlackElo "1773"]
[WhiteFideId "200999"]
[BlackFideId "799173"]
[EventDate "2022.03.27"]

1. d4 d5 2. Nf3 Nf6 3. c4 e6 4. Nc3 Be7 5. Qc2 O-O 6. cxd5 exd5 7. Bg5 Re8 8. e3
h6 9. Bh4 c6 10. Bd3 Nbd7 11. O-O Nf8 12. Ne5 N8d7 13. f4 Nxe5 14. fxe5 Ng4 15.
Bxe7 Qxe7 16. Rf3 Qg5 17. e4 Be6 18. Qe2 Nxe5 19. dxe5 Bg4 20. Raf1 Rxe5 21. h3
Bxf3 22. Qxf3 Qe7 23. exd5 cxd5 24. Qf2 Rd8 25. Qd4 Qg5 26. Qxa7 d4 27. Nd1 Qd2
28. Qb6 Rdd5 29. Nf2 Re1 30. Qxb7 Rc5 31. Qb8+ 1-0

[Event "22nd ch-EUR Indiv 2022"]
[Site "Terme Catez SLO"]
[Date "2022.03.30"]
[Round "4.151"]
[White "Dubnevych, Maksym"]
[Black "Patt, Zafrir"]
[Result "1-0"]
[WhiteElo "2065"]
[BlackElo "1771"]
[WhiteFideId "14184001"]
[BlackFideId "2840170"]
[EventDate "2022.03.27"]

1. e4 c5 2. Nf3 d6 3. d4 cxd4 4. Nxd4 Nf6 5. Nc3 a6 6. Bd3 e5 7. Nde2 Be7 8. O-O
O-O 9. Ng3 Bg4 10. Be2 Be6 11. Nd5 Nbd7 12. c4 Rc8 13. Be3 Nc5 14. f3 a5 15. Qd2
Nxd5 16. cxd5 Bd7 17. Rac1 b6 18. Rc2 Bf6 19. b3 g6 20. Bh6 Bg7 21. Bxg7 Kxg7
22. f4 Qh4 23. Rc3 Bg4 24. Bxg4 Qxg4 25. Rcf3 f6 26. b4 axb4 27. Qxb4 Rb8 28.
Nf5+ Kh8 29. Nxd6 Qd7 30. fxe5 f5 31. Qd4 Qg7 32. exf5 gxf5 33. Rg3 Qe7 34. e6+
Qf6 35. Qxf6+ Rxf6 36. Nf7+ Rxf7 37. exf7 Ne4 38. Rxf5 Nxg3 39. f8=Q+ Rxf8 40.
Rxf8+ Kg7 41. Rb8 Ne2+ 42. Kf2 Nc3 43. Rb7+ Kg8 44. Rxb6 Nxd5 45. Rb7 Nc3 46.
Ra7 1-0

[Event "22nd ch-EUR Indiv 2022"]
[Site "Terme Catez SLO"]
[Date "2022.03.30"]
[Round "4.152"]
[White "Kocharin, Timur"]
[Black "Kotsinis, Alexandros"]
[Result "0-1"]
[WhiteElo "1760"]
[BlackElo "2055"]
[WhiteFideId "16240936"]
[BlackFideId "25870750"]
[EventDate "2022.03.27"]

1. d4 d5 2. c4 e6 3. Nc3 Nf6 4. Bg5 c5 5. cxd5 cxd4 6. Qa4+ Nbd7 7. Qxd4 Qa5 8.
dxe6 Qxg5 9. Nf3 Qa5 10. exd7+ Bxd7 11. Qe5+ Qxe5 12. Nxe5 Bb4 13. Nxd7 Kxd7 14.
O-O-O+ Ke6 15. g3 Bxc3 16. Bh3+ Ke5 17. f4+ Ke4 18. bxc3 Rad8 19. Bg2+ Ke3 20.
Bxb7 Ng4 21. Bf3 Nf2 22. Rxd8 Rxd8 23. Rf1 f5 24. Kc2 Ne4 25. Rc1 a5 26. Kb3
Rb8+ 27. Ka4 Kd2 28. Ra1 Ra8 29. c4 Nc3+ 30. Ka3 Rb8 31. c5 Rb4 32. Bc6 Kxe2 33.
Bd7 Kd2 34. Rf1 Ke3 35. Rc1 Kd4 36. Rxc3 Kxc3 37. Bxf5 h6 38. Be6 Rb5 39. c6 Rc5
40. Bd7 Kc4 41. g4 Kd5 42. g5 hxg5 43. fxg5 Kd6 44. h4 Kc7 45. Be8 Kb6 46. Kb3
Re5 47. Bd7 Kc7 48. Ka3 Re3+ 49. Ka4 Re5 50. Kb3 Kd6 51. Ka3 g6 52. Ka4 Ke7 53.
Bh3 Kd8 54. Bf1 Kc7 55. Bd3 Re6 56. Kxa5 Kxc6 57. Bc2 Kc5 58. Bd1 Re1 59. Bb3
Rf1 60. Bc2 Rf2 61. Bb3 Rf4 62. Bc2 Rf2 63. Bb3 Rf3 64. Ka4 Rf4+ 65. Ka3 Rf2 66.
Bg8 Rf3+ 67. Kb2 Rd3 68. Bf7 Rd6 69. h5 gxh5 70. Bxh5 Rd5 71. Bg6 Rxg5 72. Bb1
Kc4 73. Ka1 Rg2 74. a4 Kb4 75. Ba2 Kxa4 76. Bb1 Kb3 77. Bh7 Ra2+ 78. Kb1 Ra8 79.
Bg6 Ra7 80. Bc2+ Kc3 81. Bg6 Rg7 82. Bf5 Kd2 83. Ka1 Ra7+ 84. Kb2 Rb7+ 85. Ka1
Kc1 86. Be6 Rb1+ 87. Ka2 Rb6 88. Bc4 Kc2 89. Ka1 Rb1+ 90. Ka2 Rb4 0-1

[Event "22nd ch-EUR Indiv 2022"]
[Site "Terme Catez SLO"]
[Date "2022.03.30"]
[Round "4.153"]
[White "Zupancic, Urban"]
[Black "Palczert, Miklos"]
[Result "1-0"]
[WhiteElo "2047"]
[BlackElo "1770"]
[WhiteFideId "14606631"]
[BlackFideId "727938"]
[EventDate "2022.03.27"]

1. d4 d5 2. c4 c6 3. Nf3 e6 4. e3 Nf6 5. Nbd2 Be7 6. Bd3 Nbd7 7. b3 dxc4 8. bxc4
O-O 9. Bb2 c5 10. O-O b6 11. Qe2 Bb7 12. Rad1 Qc7 13. Rfe1 Rfd8 14. Bb1 h6 15.
e4 Nf8 16. d5 N6h7 17. Nf1 exd5 18. exd5 Bf6 19. Ne5 b5 20. Ng3 bxc4 21. Qxc4
Rd6 22. Nf5 Rad8 23. Nxd6 Qxd6 24. Qc2 Bxd5 25. Nc4 Qc6 26. Ne3 Bxb2 27. Nxd5
Rxd5 28. Rxd5 Qxd5 29. Qxb2 Nf6 30. Qe2 Ne6 31. Bd3 Qg5 32. Qe3 Qd5 33. Qe2 Qg5
34. Qe5 Qd2 35. Bf5 Nf8 36. Qe2 Qa5 37. Rc1 c4 38. Bb1 c3 39. Qc4 Nd5 40. Be4
Nf4 41. Bf3 Qg5 42. Rxc3 N8g6 43. Rb3 Ne5 44. Qc8+ Kh7 45. Be4+ g6 46. Rb8 Ne2+
47. Kf1 1-0

[Event "22nd ch-EUR Indiv 2022"]
[Site "Terme Catez SLO"]
[Date "2022.03.30"]
[Round "4.154"]
[White "Martinkus, Rolandas"]
[Black "Tribushnaya, Olga"]
[Result "0-1"]
[WhiteTitle "FM"]
[WhiteElo "2033"]
[BlackElo "1716"]
[WhiteFideId "12800481"]
[BlackFideId "14123045"]
[EventDate "2022.03.27"]

1. Nf3 d5 2. g3 c6 3. Bg2 Nf6 4. c4 dxc4 5. O-O Bg4 6. Na3 e6 7. Nxc4 Be7 8. Qb3
Qc8 9. d3 O-O 10. Bd2 Nbd7 11. Rfc1 Nc5 12. Qd1 Nd5 13. b4 Nd7 14. Rab1 Qd8 15.
Na5 Rb8 16. a3 e5 17. Nc4 f6 18. b5 cxb5 19. Rxb5 Nc7 20. Rbb1 Be6 21. Bb4 Nd5
22. Be1 N5b6 23. Nfd2 Bd5 24. Bh3 Kh8 25. a4 Nxc4 26. Nxc4 b6 27. Ne3 Ba2 28.
Ra1 Bf7 29. d4 exd4 30. Qxd4 Nc5 31. Qb2 Qe8 32. Rd1 Bb3 33. Rd4 Bxa4 34. Nf5
Rf7 35. Ra3 a6 36. Re3 Qf8 37. Bb4 Bb5 38. Rde4 Nxe4 39. Nxe7 Nc5 40. Nd5 Qd8
41. Qa2 Rf8 42. Rc3 Re8 43. Ne3 Ne4 44. Rc1 Qd4 45. Qa3 Bxe2 0-1

[Event "22nd ch-EUR Indiv 2022"]
[Site "Terme Catez SLO"]
[Date "2022.03.30"]
[Round "4.155"]
[White "Zlatanovic, Marcus"]
[Black "Qorri, Fatmir"]
[Result "1-0"]
[WhiteElo "1680"]
[BlackElo "2031"]
[WhiteFideId "14626195"]
[BlackFideId "4702107"]
[EventDate "2022.03.27"]

1. e4 d5 2. exd5 Qxd5 3. Nc3 Qd8 4. Bc4 e6 5. Nf3 Nf6 6. O-O Be7 7. d4 c6 8. Bg5
O-O 9. Qd2 Nbd7 10. a3 a5 11. Rfe1 b5 12. Bd3 Bb7 13. Ne5 b4 14. Nb1 Re8 15. Qe2
Nf8 16. c3 Rc8 17. axb4 axb4 18. Nd2 Ng6 19. Ndf3 Nd5 20. Nxf7 Qd7 21. N7e5 Nxe5
22. Nxe5 Qc7 23. Qh5 Nf6 24. Bxh7+ 1-0

[Event "22nd ch-EUR Indiv 2022"]
[Site "Terme Catez SLO"]
[Date "2022.03.30"]
[Round "4.156"]
[White "Shevchenko, Matviei"]
[Black "Ghita, Vlad-Bogdan"]
[Result "0-1"]
[WhiteElo "1326"]
[BlackElo "1981"]
[WhiteFideId "14188678"]
[BlackFideId "1222198"]
[EventDate "2022.03.27"]

1. e4 c5 2. Nc3 Nc6 3. g3 g6 4. Bg2 Bg7 5. d3 d6 6. Be3 e5 7. Qc1 Be6 8. Nge2
Qd7 9. f4 h5 10. h3 Nge7 11. a3 Nd4 12. Qd1 O-O-O 13. b4 exf4 14. gxf4 Nxe2 15.
Nxe2 Bxa1 16. Qxa1 f5 17. bxc5 dxc5 18. Bxc5 fxe4 19. Qc3 Nd5 20. Qb2 exd3 21.
cxd3 Rhe8 22. Kf2 b6 23. Rc1 Kb8 24. Rb1 Bxh3 25. Be4 Qg4 26. Bxd5 Rxd5 27. Bxb6
Qg2+ 28. Ke1 Qf1+ 29. Kd2 Rxe2+ 30. Kc3 Rxb2 31. Rxb2 Qxd3+ 32. Kb4 Rb5+ 33. Ka4
Rxb2 34. Bxa7+ Kxa7 35. f5 Qb5# 0-1

[Event "22nd ch-EUR Indiv 2022"]
[Site "Terme Catez SLO"]
[Date "2022.03.30"]
[Round "4.157"]
[White "Spacapan, Simon"]
[Black "Kuznetsova, Elyzaveta"]
[Result "1-0"]
[WhiteElo "1966"]
[BlackElo "1366"]
[WhiteFideId "14612461"]
[BlackFideId "14189950"]
[EventDate "2022.03.27"]

1. e4 c6 2. d4 d5 3. exd5 cxd5 4. c4 Nf6 5. Nc3 Nc6 6. Bg5 e6 7. Nf3 Be7 8. c5
O-O 9. Bb5 Ne4 10. Bxe7 Nxe7 11. Rc1 b6 12. c6 Qd6 13. O-O f6 14. Re1 a6 15. Bd3
Nxc3 16. Rxc3 Nxc6 17. Bxh7+ Kh8 18. Bb1 Bd7 19. Ng5 Kg8 20. Qh5 fxg5 21. Bh7+
Kh8 22. Bg6+ 1-0

[Event "22nd ch-EUR Indiv 2022"]
[Site "Terme Catez SLO"]
[Date "2022.03.31"]
[Round "5.1"]
[White "Sargissian, Gabriel"]
[Black "Kjartansson, Gudmundur"]
[Result "1-0"]
[WhiteTitle "GM"]
[BlackTitle "GM"]
[WhiteElo "2681"]
[BlackElo "2450"]
[WhiteFideId "13300881"]
[BlackFideId "2301318"]
[EventDate "2022.03.27"]

1. d4 d5 2. c4 c6 3. Nf3 Nf6 4. e3 Bg4 5. h3 Bf5 6. Nbd2 e6 7. g4 Bg6 8. Ne5
Nbd7 9. Nxg6 hxg6 10. Bg2 g5 11. O-O Bd6 12. Re1 Kf8 13. e4 dxe4 14. Nxe4 Nxe4
15. Rxe4 Kg8 16. Qb3 Rb8 17. Bd2 Nf8 18. d5 c5 19. Rae1 e5 20. Rxe5 Bxe5 21.
Rxe5 f6 22. Re1 g6 23. Qg3 Rh7 24. d6 Rd7 25. Bd5+ Kg7 26. Re7+ Kh8 27. Bxg5 Nh7
28. Qh4 Qxe7 29. dxe7 fxg5 30. Qg3 1-0

[Event "22nd ch-EUR Indiv 2022"]
[Site "Terme Catez SLO"]
[Date "2022.03.31"]
[Round "5.2"]
[White "Saric, Ivan"]
[Black "Vocaturo, Daniele"]
[Result "1/2-1/2"]
[WhiteTitle "GM"]
[BlackTitle "GM"]
[WhiteElo "2687"]
[BlackElo "2614"]
[WhiteFideId "14508150"]
[BlackFideId "813192"]
[EventDate "2022.03.27"]

1. e4 e5 2. Nf3 Nf6 3. Nxe5 d6 4. Nf3 Nxe4 5. d4 d5 6. Bd3 Bd6 7. O-O O-O 8. c4
c6 9. Qc2 Na6 10. a3 f5 11. Nc3 Nc7 12. b4 Bd7 13. Bb2 Ng5 14. Ne5 dxc4 15.
Bxc4+ Be6 16. Qb3 Kh8 17. Rad1 Bxe5 18. dxe5 Nf3+ 19. gxf3 Qg5+ 20. Kh1 Qf4 21.
Bxe6 1/2-1/2

[Event "22nd ch-EUR Indiv 2022"]
[Site "Terme Catez SLO"]
[Date "2022.03.31"]
[Round "5.3"]
[White "Bluebaum, Matthias"]
[Black "Ivic, Velimir"]
[Result "1-0"]
[WhiteTitle "GM"]
[BlackTitle "GM"]
[WhiteElo "2642"]
[BlackElo "2610"]
[WhiteFideId "24651516"]
[BlackFideId "950122"]
[EventDate "2022.03.27"]

1. d4 Nf6 2. c4 g6 3. Nc3 d5 4. cxd5 Nxd5 5. e4 Nxc3 6. bxc3 Bg7 7. Nf3 c5 8.
Bb5+ Nc6 9. O-O O-O 10. Bxc6 bxc6 11. Qc2 cxd4 12. cxd4 Bg4 13. Ne5 Qxd4 14. Bb2
Qb6 15. Rab1 Bxe5 16. Bxe5 Qa5 17. Bc3 Qc5 18. Qb2 a5 19. Bd4 Qb4 20. Qa1 Qd6
21. Qc3 Be2 22. Rfe1 Bb5 23. a4 Bxa4 24. Bh8 f6 25. e5 Qd8 26. exf6 exf6 27. Rb7
Rf7 28. Rxf7 Kxf7 29. h4 Qd6 30. Qc4+ Kf8 31. Re6 Qd5 32. Rxf6+ Ke7 33. Qe2+ Kd7
34. Qg4+ Ke7 35. Qxa4 Rxh8 36. Rf3 Rd8 37. Qa3+ Ke6 38. Qe3+ Qe5 39. Qb3+ Qd5
40. Qc3 Qd1+ 41. Kh2 Qd4 42. Qb3+ Rd5 43. g3 Qd1 44. Qc3 Rf5 45. Qxc6+ Kf7 46.
Qc7+ Kf6 47. Qb6+ Kg7 48. Rxf5 gxf5 49. Qxa5 Qf3 50. Qe5+ Kf7 51. Kg1 h5 52. Kf1
Qd1+ 53. Kg2 Qd3 54. Qf4 Qc2 55. Qf3 Kg6 56. Qd5 Kf6 57. Qd6+ Kf7 58. Qd7+ Kf6
59. Qe8 Qd1 60. Qf8+ Ke6 61. Qg8+ Ke5 62. Qg7+ Ke6 63. Qg6+ Ke7 64. Qxf5 1-0

[Event "22nd ch-EUR Indiv 2022"]
[Site "Terme Catez SLO"]
[Date "2022.03.31"]
[Round "5.4"]
[White "Kuzubov, Yuriy"]
[Black "Iturrizaga Bonelli, Eduardo"]
[Result "1-0"]
[WhiteTitle "GM"]
[BlackTitle "GM"]
[WhiteElo "2639"]
[BlackElo "2594"]
[WhiteFideId "14112906"]
[BlackFideId "3901211"]
[EventDate "2022.03.27"]

1. d4 Nf6 2. c4 e6 3. Nf3 Bb4+ 4. Bd2 a5 5. g3 O-O 6. Bg2 d5 7. Qc2 Be7 8. O-O
Nbd7 9. Rd1 c6 10. Bf4 b6 11. Ne5 Nxe5 12. dxe5 Nd7 13. cxd5 cxd5 14. e4 d4 15.
Rxd4 g5 16. Bc1 Qe8 17. Rd1 Nxe5 18. Be3 Ba6 19. Bxb6 Rc8 20. Nc3 Nc4 21. Bf1
Nxb6 22. Bxa6 Rc5 23. a4 Qc6 24. Bb5 Qc7 25. Qe2 Bf6 26. Rac1 Qe5 27. Nd5 Rxc1
28. Nxf6+ Qxf6 29. Rxc1 Rd8 30. Rd1 Rd4 31. b3 h6 32. Qe1 Rxd1 33. Qxd1 Kg7 34.
Qd6 Nc8 35. Qc7 1-0

[Event "22nd ch-EUR Indiv 2022"]
[Site "Terme Catez SLO"]
[Date "2022.03.31"]
[Round "5.6"]
[White "Bjerre, Jonas Buhl"]
[Black "Ter-Sahakyan, Samvel"]
[Result "1/2-1/2"]
[WhiteTitle "GM"]
[BlackTitle "GM"]
[WhiteElo "2601"]
[BlackElo "2632"]
[WhiteFideId "1444948"]
[BlackFideId "13302531"]
[EventDate "2022.03.27"]

1. d4 Nf6 2. c4 e6 3. Nc3 Bb4 4. Nf3 d5 5. Qa4+ Nc6 6. e3 O-O 7. Qc2 Qe7 8. Bd2
dxc4 9. Bxc4 e5 10. d5 Qc5 11. Bb3 Na5 12. O-O Nxb3 13. Qxb3 Qe7 14. Nxe5 Qxe5
15. Qxb4 Nxd5 16. Nxd5 Qxd5 17. e4 Qd3 18. Bc3 a5 19. Qe7 Qd7 20. Qe5 f6 21. Qg3
Qf7 22. f4 Re8 23. Rae1 b5 24. f5 b4 25. Bd4 Ba6 26. Rf4 Rad8 27. e5 fxe5 28.
Bxe5 Rd3 29. Rf3 Rxf3 30. gxf3 Bd3 31. f6 Bg6 32. fxg7 Qxa2 33. Bf6 Rxe1+ 34.
Qxe1 Qb1 35. Qxb1 Bxb1 36. Bd8 1/2-1/2

[Event "22nd ch-EUR Indiv 2022"]
[Site "Terme Catez SLO"]
[Date "2022.03.31"]
[Round "5.7"]
[White "Jobava, Baadur"]
[Black "Moussard, Jules"]
[Result "1-0"]
[WhiteTitle "GM"]
[BlackTitle "GM"]
[WhiteElo "2588"]
[BlackElo "2630"]
[WhiteFideId "13601520"]
[BlackFideId "642908"]
[EventDate "2022.03.27"]

1. c4 e6 2. g3 Nf6 3. Bg2 d5 4. Nf3 Be7 5. O-O O-O 6. Qc2 d4 7. e3 c5 8. exd4
cxd4 9. d3 Nc6 10. a3 a5 11. Bg5 Nd7 12. Bxe7 Qxe7 13. Nbd2 Nc5 14. Nb3 Nxb3 15.
Qxb3 a4 16. Qd1 Bd7 17. Re1 Rfd8 18. h4 Be8 19. Ng5 Na5 20. Qg4 h6 21. Nh3 Nb3
22. Rad1 Rac8 23. Nf4 b5 24. cxb5 Bxb5 25. Re5 Rc5 26. Rde1 Rxe5 27. Rxe5 Bd7
28. Re1 Qf6 29. Nh5 Qg6 30. Qe2 Re8 31. Qe5 Rc8 32. Be4 f5 33. Bf3 Kh7 34. Nf4
Qf6 35. Qxf6 gxf6 36. Nd5 exd5 37. Re7+ Kh8 38. Rxd7 Nc5 39. Rxd5 Nxd3 40. Rxd4
Rc1+ 41. Kh2 Nxb2 42. Rd8+ Kg7 43. Rd7+ Kh8 44. Be2 Rc2 45. Re7 Kg8 46. Kg2 Kf8
47. Re6 Kf7 48. Re3 Nc4 49. Bh5+ Kf8 50. Re8+ Kg7 51. Re7+ Kg8 52. Bg6 Nd6 53.
g4 Rc4 54. gxf5 Rxh4 55. Re6 Rd4 56. Rxf6 Kg7 57. Re6 Rd3 58. f3 Rd5 59. Kh3
Nxf5 60. Ra6 Nd6 61. Bc2 Rd4 62. Bxa4 Kf6 63. Bc6 Ke6 64. a4 Rd1 65. a5 Ra1 66.
Kg4 Ke5 67. f4+ Kd4 68. Ra8 Rg1+ 69. Kh3 Kc5 70. Bf3 Rf1 71. Kg2 Ra1 72. Be2 Ra2
73. Kf3 Ra3+ 74. Kg4 Ra2 75. Bf3 Ra4 76. a6 h5+ 77. Kg5 Nf7+ 78. Kf5 Nd6+ 79.
Ke5 Nf7+ 80. Ke6 Rxf4 81. a7 Kb6 82. Bd5 Ng5+ 83. Ke5 Rg4 84. Kf5 Rg1 85. Ke5
Rg4 86. Re8 Kxa7 87. Kd6 Kb6 88. Rb8+ Ka6 89. Kc6 Ka7 90. Rb1 Ra4 91. Rb7+ Ka6
92. Rb8 Ka7 93. Kc7 Ne6+ 94. Bxe6 Ra3 95. Bc4 Rg3 96. Rb7+ Ka8 97. Rb6 Ra3 98.
Rb8+ Ka7 99. Rb7+ Ka8 100. Kb6 Ra1 101. Rh7 Rb1+ 102. Bb5 1-0

[Event "22nd ch-EUR Indiv 2022"]
[Site "Terme Catez SLO"]
[Date "2022.03.31"]
[Round "5.8"]
[White "Can, Emre"]
[Black "Kozul, Zdenko"]
[Result "1-0"]
[WhiteTitle "GM"]
[BlackTitle "GM"]
[WhiteElo "2578"]
[BlackElo "2619"]
[WhiteFideId "6302181"]
[BlackFideId "14502879"]
[EventDate "2022.03.27"]

1. d4 Nf6 2. c4 g6 3. Nc3 Bg7 4. e4 d6 5. Nf3 O-O 6. Be2 Nbd7 7. O-O e5 8. Be3
h6 9. dxe5 dxe5 10. Qc1 Kh7 11. Rd1 Nh5 12. c5 c6 13. b4 Qe7 14. Nd2 Nf4 15. Bf1
Nf6 16. f3 Be6 17. Nc4 Bxc4 18. Bxc4 h5 19. Bf2 Bh6 20. Qb2 Ne8 21. Kh1 h4 22.
b5 Ng7 23. bxc6 bxc6 24. Rd6 Rab8 25. Qc2 Qg5 26. Be3 Ngh5 27. Nd1 Rbd8 28. Bf1
Ng3+ 29. hxg3 hxg3 30. Kg1 Qh4 31. Bd3 Rxd6 32. cxd6 Ne6 33. Qc3 Rd8 34. Kf1
Bxe3 35. Nxe3 Nf4 36. Ke1 Rxd6 37. Bf1 Qd8 38. Qxe5 Rd3 39. Nc4 g5 40. Rb1 Kh6
41. Qc5 Kh5 42. Ne5 1-0

[Event "22nd ch-EUR Indiv 2022"]
[Site "Terme Catez SLO"]
[Date "2022.03.31"]
[Round "5.9"]
[White "Anton Guijarro, David"]
[Black "Yuffa, Daniil"]
[Result "1/2-1/2"]
[WhiteTitle "GM"]
[BlackTitle "GM"]
[WhiteElo "2694"]
[BlackElo "2576"]
[WhiteFideId "2285525"]
[BlackFideId "24131423"]
[EventDate "2022.03.27"]

1. e4 c5 2. Nc3 Nc6 3. Nf3 g6 4. d4 cxd4 5. Nxd4 Bg7 6. Be3 Nf6 7. Nxc6 bxc6 8.
e5 Ng8 9. f4 Nh6 10. Qd2 d6 11. O-O-O Bg4 12. Re1 Be6 13. exd6 O-O 14. Bd4 Qxd6
15. Bxg7 Qxd2+ 16. Kxd2 Rad8+ 17. Bd3 Kxg7 18. Na4 Rd5 19. c4 Ra5 20. b3 g5 21.
Rhf1 gxf4 22. Rxf4 Rg5 23. g3 a5 24. Kc3 Rd8 25. a3 c5 26. Re3 Rc8 27. Be2 Rc7
28. h4 Nf5 29. hxg5 Nxe3 30. g4 Bd7 31. Re4 Bxa4 32. Rxe3 Be8 33. Rh3 Bd7 34.
Bd3 Bxg4 35. Rxh7+ Kg8 36. Rh4 Bc8 37. b4 axb4+ 38. axb4 cxb4+ 39. Kxb4 Ba6 40.
Ka5 Bxc4 41. Rxc4 Rxc4 42. Bxc4 Kg7 43. Bd3 f6 44. gxf6+ 1/2-1/2